000 00647nam a2200217Ia 4500
005 20241129110225.0
008 241129s9999||||xx |||||||||||||| ||und||
020 _a978-1-032-66802-4
037 _aTB
040 _aARTS
_beng
_cARTS
041 _aeng
_2eng
084 _aV44Q71:2 R3
_qARTS
100 _aKhan Arafat Hosen Au.
_9727492
245 0 _aConstitution of Bangladesh: people, politics and judicial intervention
_cKhan Arafat Hosen Au.
260 _aUK
_bRoutledge
_c2023
300 _avii,191p.
365 _aINR
_b1295
650 _aHistory-Bangladesh
_9727493
942 _cTB
_hV44Q71:2 R3
999 _c1227782
_d1227782